Az influenszer marketing a turizmusban, valamint a vendéglátásban
| Main Author: | |
|---|---|
| Other Authors: | |
| Format: | Thesis |
| Kulcsszavak: | .NET Framework 21. század adafeldolgozás árverseny turizmus vendéglátás |
| Online Access: | http://dolgozattar.uni-bge.hu/60276 |
MARC
| LEADER | 00000nta a2200000 i 4500 | ||
|---|---|---|---|
| 001 | dolg60276 | ||
| 005 | 20260409150233.0 | ||
| 008 | 260409suuuu hu om 000 hun d | ||
| 040 | |a BGE Dolgozattár Repozitórium |b hun | ||
| 041 | |a hu | ||
| 100 | 1 | |a Vass Nándor Elemér | |
| 245 | 1 | 3 | |a Az influenszer marketing a turizmusban, valamint a vendéglátásban |c Vass Nándor Elemér |h [elektronikus dokumentum] |
| 520 | 3 | |a A szakdolgozat az influenszer marketing turizmusban és vendéglátásban betöltött szerepét vizsgálja. A közösségi média térnyerésével az influenszerek véleménye jelentős hatást gyakorol az utazási és vendéglátási döntésekre. A dolgozat bemutatja, hogyan alakítják a véleményvezérek a fogyasztók preferenciáit, és milyen stratégiákat alkalmaznak a vállalkozások az influenszerekkel való együttműködés során. Esettanulmányokon és kérdőíves kutatáson keresztül elemzi a kampányok hatékonyságát, valamint azt, hogy az influenszer marketing milyen lehetőségeket és kihívásokat rejt magában a turizmus és vendéglátás szereplői számára. | |
| 695 | |a .NET Framework | ||
| 695 | |a 21. század | ||
| 695 | |a adafeldolgozás | ||
| 695 | |a árverseny | ||
| 695 | |a turizmus | ||
| 695 | |a vendéglátás | ||
| 700 | 1 | |a Fekete-Frojimovics Dr. Zsófia |e ths | |
| 856 | 4 | 0 | |u http://dolgozattar.uni-bge.hu/60276/1/Vass%20N%C3%A1ndor%20Elem%C3%A9r%20szakdolgozat%202025.%2005..pdf |z Dokumentum-elérés |
| 856 | 4 | 0 | |u http://dolgozattar.uni-bge.hu/60276/2/Vass%20N%C3%A1ndor%20Elem%C3%A9r_b%C3%ADr%C3%A1lat.pdf |z Dokumentum-elérés |
| 856 | 4 | 0 | |u http://dolgozattar.uni-bge.hu/60276/3/Szakdolgozat%20b%C3%ADr%C3%A1lat_VNE_vlrend.pdf |z Dokumentum-elérés |